000
00172nam a2200085 4500
082
_a
621.381STE
100
_a
Stewart, Henry
245
_a
Engineering Electronics
942
_c
BK
999
_c
12882
_d
12882